000 01059nam0a22002651 4500
001 rc\4513475
005 20130416175506.5
021 _aRU
_b[62-48249]
035 _a(NLR Aleph) 008620652
090 _a8820979
_c8820979
100 _a20130416d1962 |||y0rusy50 ca
101 0 _arus
102 _aRU
105 _aa z |||||
200 1 _aСовременные проблемы науки о полимерах
_e(Стенограммы лекций по спецкурсу). 1960-1961 учеб. год
_fМоск. гос. ун-т им. М.В. Ломоносова. Хим. фак. Кафедра высокомолекулярных соединений
210 _aМосква
_cБ. и.
_d1962
215 _a253 с., 4 л. ил.
_d20
300 _aПеред загл. авт.: акад. В.А. Каргин
606 _aПолимеры
_2psbo
700 1 _aКаргин
_bВ. А.
_f1907-1969
_gВалентин Алексеевич
801 0 _aRU
_bNLR
_gpsbo
801 1 _aRU
_bELAR
_2rusmarc
852 _aNLR
_j62-3/3359
942 _cBOOK
980 _aNB